01331 a2200241 4500003000500000005001700005010001600022020001700038040000900055082001500064100002700079245004800106260004400154300005200198505050300250600004000753650006400793650003500857650004100892942001400933999001900947952012300966Nust20230523123822.0 a 79027769 a0312352166 : cNust00a001.94,STO1 aStory, Ronald.911253610aGuardians of the universe? /cRonald Story. aNew York :bSt. Martin's Press,cc1980. a207 p., [24] leaves of plates :bill. ;c22 cm. aThe Von Dakniken Mystique (Page-15), Other God Seekers (Page-21), God as Astronaut (Page-29), The Dawn of Man (Page-45), “Mysteries” Of Ancient Mexico and South America (Page-53), The Stone Giants of Easter Island (Page-69), In the Land of the Pharaohs (Page-77), Collector’s Miscellany (Page-89), The Tunguska Event (Page-95), Ancient UFOs and Contact (Page-101), The Sirius Mystery Solve (Page-113), EXO Theology The Religion of Outer Space (Page-127), UFOs: A Genuine Mystery (Page-139).10aD衮iken, Erich von,d1935-9112537 0aCivilization, AncientxExtraterrestrial influences.9112538 0aLife on other planets.9112539 0aUnidentified flying objects.9112540 2ddccBKB  c176060d176060 00102ddc4070aMCSbMCScGENd2016-12-12o001.94,STOpMCS3300r2016-12-08w2016-12-12yBKzAlmirah No.79, Shelf No.1